| 000 | 00893cam a2200265u 4500 | ||
|---|---|---|---|
| 001 | 13348 | ||
| 003 | BD-RjUL | ||
| 005 | 20211208235436.0 | ||
| 008 | 140130t1962 ohua 001 0 eng | ||
| 035 | _a(BD-RjUL)13399 | ||
| 040 |
_aDLC _cCarP _dDLC _dBD-RjUL _beng |
||
| 041 | _aeng | ||
| 082 | 0 | 4 |
_216 _a620.16 _bAMS 1962 |
| 110 | 2 |
_aAmerican Society for Metals. [from old catalog] _941608 |
|
| 245 | 1 | 0 |
_aStrengthening mechanisms in solids : _bpapers presented at the seminar of the American Society for Metals / _cAmerican Society for Metals. [from old catalog] |
| 260 |
_aMetals Park, Ohio : _cc1962 _bAmerican society for metals, |
||
| 300 |
_aviii, 416 p. : _billus., diagrs. ; _c24 cm. |
||
| 504 | _aIncludes index. | ||
| 650 | 0 |
_aMetals. _941599 |
|
| 650 | 0 |
_aAlloys. _941600 |
|
| 650 | 0 |
_aHardness. _941601 |
|
| 942 |
_2ddc _cBK |
||
| 999 |
_c13348 _d13348 |
||